Nociones sobre patentes de invención para investigadores universitarios / (Record no. 13028)

MARC details
000 -LEADER
campo de control de longitud fija 00734nam a2200229 i 4500
001 - NÚMERO DE CONTROL
campo de control 13028
003 - IDENTIFICADOR DE NÚMERO DE CONTROL
campo de control ES-MaACL
005 - FECHA Y HORA DE LA ÚLTIMA TRANSACCIÓN
campo de control 20230906150455.0
007 - CAMPO FIJO DE DESCRIPCIÓN FÍSICA--INFORMACIÓN GENERAL
campo de control de longitud fija t|
008 - DATOS DE LONGITUD FIJA--INFORMACIÓN GENERAL
campo de control de longitud fija 971117s1994 fr ||||1| spa d
020 ## - NÚMERO INTERNACIONAL ESTÁNDAR DEL LIBRO
Número Internacional Estándar del Libro 92-3-303042-3
080 ## - NÚMERO DE LA CLASIFICACIÓN DECIMAL UNIVERSAL
Número de la Clasificación Decimal Universal 608.3
245 00 - MENCIÓN DEL TÍTULO
Título Nociones sobre patentes de invención para investigadores universitarios /
Mención de responsabilidad, etc. coordinador: Alberto Bercovitz.
260 ## - PUBLICACIÓN, DISTRIBUCIÓN, ETC.
Lugar de publicación, distribución, etc. Paris :
Nombre del editor, distribuidor, etc. UNESCO :
-- CRE-Columbus,
Fecha de publicación, distribución, etc. cop. 1994.
300 ## - DESCRIPCIÓN FÍSICA
Extensión 234 p. ;
Dimensiones 24 cm.
490 1# - MENCIÓN DE SERIE
Mención de serie La biblioteca del investigador
650 14 - PUNTO DE ACCESO ADICIONAL DE MATERIA--TÉRMINO DE MATERIA
Término de materia o nombre geográfico como elemento de entrada Patentes de invención.
9 (RLIN) 15883
700 1# - ENTRADA AGREGADA--NOMBRE PERSONAL
Nombre de persona Bercovitz, Alberto.
9 (RLIN) 27856
830 0# - PUNTO DE ACCESO ADICIONAL DE SERIE-TÍTULO UNIFORME
Título uniforme La biblioteca del investigador
9 (RLIN) 228374
852 ## - LOCALIZACIÓN
Ubicación ES-MaACL
Número de control de estantería L-20434
Sublocalización o colección R.124681
Holdings
Estatus retirado Estado de pérdida Estado de daño No para préstamo Biblioteca de origen Biblioteca actual Ubicación en estantería Fecha de adquisición Fuente de adquisición Total de préstamos Signatura topográfica completa Código de barras Visto por última vez Precio de reemplazo Tipo de ítem Koha
        Biblioteca del Ateneo de Madrid Biblioteca del Ateneo de Madrid Depósito 2 17/01/2008     L-20434 1013268 23/02/2023 23/02/2023 Libro impreso